Bienvenue à la Médiathèque de Saint-Andiol
banniere
Accueil Recherche avancée Mon compte
handi1 Rechercher dans le catalogue

Filtre   Mots-clés
  Recherche avancée
 
Lister les dernières nouveautés
 
Lister les livres GROS CARACTERES
 
Lister les périodiques (magazines)

handi1 Ligue de tous les mondes (La)

Book Cover
Auteur principal : Ursula Kroeber Le Guin
Autres auteurs : Jean Bailhache
Titre : Ligue de tous les mondes (La)
Support : Livres
Langue : Francais
Series : Cycle de Hain
Genre : Science fiction
Collection :
Sujets :
Étiquettes :
Pas de tags
LEADER 01059nam0a2200217 450
001 16868152
010 |a 2-253-07248-6  |b Poche  |d 5,5 € 
100 |a 20030602d2003 u u0frey01 ba 
101 1 |a fre  |c fre 
102 |a FR 
200 0 |a Ligue de tous les mondes (La)  |f Ursula Le Guin  |g trad. de l'américain Jean Bailhache 
207 1 |a   
215 |a 190 p.  |d 18 x 11 cm 
225 1 |v 7248 
330 |a Sur une planète sans nom du système stellaire de Fomalhaut cohabitent cinq espèces dont aucune n'a dépassé le système féodal. Rocannon, ethnologue, y est envoyé par la Ligue pour observer les peuples avant l'arrivée d'une mission qui assurera le développement d'une de ces sociétés. Mais l'Ennemi envahit la planete et Rocannon devient Olhor l'Errant, chasseur d'envahisseurs. 
461 0 |t Cycle de Hain  |v 01 
700 0 |a Le Guin  |b Ursula Kroeber  |4 70 
702 0 |a Bailhache  |b Jean  |4 730 
900 |a Science fiction 
901 |a Adultes 
995 |a Médiathèque  |c Médiathèque  |f 00156004024469  |h 00156004024469  |k SF LEG LIG 1  |o p  |q a  |r az  |e Médiathèque